Estudio económico de la región de Concepción

Saved in:
Bibliografiske detaljer
Institution som forfatter: Universidad de Concepción
Format: Bog
Sprog:spansk
Udgivet: Santiago Universitaria 1965
Fag:
Tags: Tilføj Tag
Ingen Tags, Vær først til at tagge denne postø!

MARC

LEADER 00000nam a2200000 a 4500
001 UCU7504
003 CL-VaPUC
005 20250304090821.0
008 960705e19650000CL |||||||||||||||||spa|d
999 |c 250132  |d 250130 
040 |c Pontificia Universidad Católica de Valparaíso 
082 0 4 |a 330.9 UNI 1965  |2 21 
110 2 |a Universidad de Concepción  |9 366368 
245 1 0 |a Estudio económico de la región de Concepción 
260 |a Santiago  |b Universitaria  |c 1965 
300 |a v 
583 |a last modification  |c 19960705 00:00:00  |k Rodrigo Vera 
650 0 |a Geografía económica   |9 267757 
650 7 |a REGIONES ECONOMICAS  |2 CL-VaPUC  |9 357744 
650 0 |a Recursos naturales  |9 255232 
650 0 |a Condiciones económicas  |9 258255 
651 0 |a Concepción  |z CHILE  |9 254982 
651 7 |a ÑUBLE  |2 CL-VaPUC  |9 366369  |z CHILE 
651 7 |a ARAUCO  |2 CL-VaPUC  |9 358066  |z CHILE 
651 0 |a Región del Bio-Bío  |z CHILE  |9 268499 
651 7 |a MALLECO  |2 CL-VaPUC  |9 266113  |z CHILE 
942 |c BK  |2 ddc 
945 |d 19960705 00:00:00  |a cmena